| 000 | 00427nam a2200169Ia 4500 | ||
|---|---|---|---|
| 003 | GCL | ||
| 008 | 140319s9999 xx 000 0 eng d | ||
| 040 |
_aGCL / _cGCL |
||
| 082 | 0 | 4 |
_a909 _bR C |
| 100 | 1 | _aRICH, JASON R. | |
| 245 | 1 | 0 |
_aCIVLIZATION STRATGIES AND SECETS / _cRICH, JASON R. |
| 260 |
_a[S.N] : _bSYBEX ، _c1993 |
||
| 300 | _a235 P | ||
| 650 | 0 | 4 | _aCOMPUTER SOFTWARE |
| 650 | 0 | 4 | _aCIVILIZATION |
| 942 |
_2ddc _cBK |
||
| 999 |
_c14873 _d14873 |
||